00907nam a22002297a 4500003000400000005001700004008004100021020001500062040000900077245010300086260012900189300001100318650004800329650003400377650003600411650002800447700004200475700003900517942001300556999001500569952009300584OSt20131113123601.0130514s2003 sp ||||| |||| 00| 0 spa d a848373561X cCDMR 3aEl periodista ante el mercado laboralcJosé Larrñaga Zubizarreta, Javier Díaz Noci (coords.) a[Bilbao]bServicio editorial de la Universidad del País VascobEuskal Herriko Unibertsitatea Argitalpen ZerbitzuacDL 2003 a202 p.0492030aPeriodismexOrientació professional0492734aPeriodismexEnsenyament049637aComunicacióxEnsenyament0493792aMercat de treball1 93410aLarrañaga Zubizarreta, José1 93204aDíaz Noci, Javierecoords. 2udccMON c6229d6229 00104070aCDMRbCDMRd2013-01-16l0oCi 7/4pCDMR13056394r2013-05-14w2013-05-14yMON